Gaming Quiz

Random Gaming or Quick Pick Quiz

Pick the Pure Normal Pokémon Gen. V Quiz Stats

 Plays Quiz not verified by Sporcle

Score 0/9 Timer 01:30
0 Plays Today
% Correct
Lilipup
93.7%
Minccino
91.3%
Herdier
87.4%
Patrat
86.2%
Watchog
86.2%
Stoutland
85.4%
Bouffalant
83.5%
Cinccino
81.5%
Audino
76.8%

You're not logged in!

Compare scores with friends on all Sporcle quizzes.
OR
Log In

Sporcle TV

Today on Sporcle TV


Watch our educational content, quiz creation guides, and fun videos on Sporcle TV.

Show Comments

Extras

Top Quizzes Today


Score Distribution

Your Account Isn't Verified!

In order to create a playlist on Sporcle, you need to verify the email address you used during registration. Go to your Sporcle Settings to finish the process.

Report this User

Report this user for behavior that violates our Community Guidelines.

Details: